| 000 | 01185cam a2200301 a 4500 | ||
|---|---|---|---|
| 005 | 20260322212031.0 | ||
| 008 | data | ||
| 010 | _a 2007298673 | ||
| 020 | _a9780756629755 (lib. bdg.) | ||
| 020 | _a0756629756 (lib. bdg.) | ||
| 040 |
_aBKX _cBKX _dDLC _dBTCTA _dBUR _dEHH _dDLC |
||
| 042 | _alccopycat | ||
| 043 | _aa-cc--- | ||
| 050 | 0 | 0 |
_aDS706 _b.S383 2007 |
| 092 | _a915.1 Seb 2007 | ||
| 100 | 1 | _aSebag-Montefiore, Poppy. | |
| 245 | 1 | 0 |
_aEyewitness China / _cPoppy Sebag-Montefiore. |
| 260 |
_aNew York : _aNew York : _bDK, _cc2007. |
||
| 300 |
_a72 p. : _bill. (chiefly col.), col. maps ; _c29 cm. + _e1 poster and 1 CD-ROM (4 3/4 in.) |
||
| 440 | 0 | _aDK eyewitness books | |
| 500 | _aIncludes index. | ||
| 520 | _aFull-color illustrated photographs describe the history, culture, and people of China. | ||
| 651 | 0 |
_aChina _vJuvenile literature. |
|
| 906 |
_a7 _bcbc _ccopycat _d2 _encip _f20 _gy-gencatlg |
||
| 925 | 0 |
_aacquire _b2 shelf copies _xpolicy default |
|
| 955 |
_eyb08 2007-08-06 to BCCD _tre13 2009-07-13 Copy 2 to BCCD |
||
| 001 | data | ||
| 999 |
_c706 _d706 |
||